• 首页
  • 本馆介绍
  • 公告通知
  • 最新文献
  • 馆藏检索
  • 电子资源
  • 读者导购
  • 参考咨询
  • 我的图书馆
  • 登录
  • 详细信息显示
  • 放入我的书架
  • 预约/预借图书
  • 作者相关作品
  • 分类相关作品
  • 丛书相关作品
  • 出版社相关作品

书目信息

  • 表格格式
  • 工作单格式
  • 卡片格式
题名:
高尔夫规则与礼仪
    
 
作者: 张国华 编著
分册:  
出版信息: 广州   暨南大学出版社  2017
页数: 234页
开本: 23cm
丛书名:
单 册:
中图分类: G849.3
科图分类:
主题词: 高尔夫球运动--竞赛规则--教材 , 高尔夫球运动--礼仪--教材
电子资源:
ISBN: 978-7-5668-2141-6
000 01120nam0 2200265 450
001 5817
005 20180530163108.21
010    @a978-7-5668-2141-6@dCNY46.00
100    @a20170905d2017 em y0chiy50 ea
101 0  @achi
102    @aCN@b440000
105    @aa z 000yy
200 1  @a高尔夫规则与礼仪@9gao er fu gui ze yu li yi@dGolf rules and etiquette@f张国华编著@zeng
205    @a2版
210    @a广州@c暨南大学出版社@d2017
215    @a234页@c图@d23cm
300    @a根据R&A和USGA《高尔夫球规则》(2016-2019) 修订
330    @a本书以高尔夫球相关专业的学生、高尔夫球裁判员考证需要学习和掌握的高尔夫球规则及其他相关知识为主线,重点介绍下场打球和观看比赛时需注意的礼仪以及常遇状况的规则运用,包括高尔夫球规则相关的背景知识、高尔夫礼仪、高尔夫球专用术语及定义、高尔夫球运动规则、18洞实战案例剖析、高尔夫球运动常见比赛形式及本土规则、模拟试题等内容。
510 1  @aGolf rules and etiquette@zeng
606 0  @a高尔夫球运动@x竞赛规则@j教材
606 0  @a高尔夫球运动@x礼仪@j教材
690    @aG849.3@v5
701  0 @a张国华@9zhang guo hua@4编著
801  0 @aCN@b91MARC@c20170905
905    @aMuseLib@dG849.3@e469=2
    
    高尔夫规则与礼仪=Golf rules and etiquette/张国华编著.-2版.-广州:暨南大学出版社,2017
    234页:图;23cm
    根据R&A和USGA《高尔夫球规则》(2016-2019) 修订
    
    ISBN 978-7-5668-2141-6:CNY46.00
    本书以高尔夫球相关专业的学生、高尔夫球裁判员考证需要学习和掌握的高尔夫球规则及其他相关知识为主线,重点介绍下场打球和观看比赛时需注意的礼仪以及常遇状况的规则运用,包括高尔夫球规则相关的背景知识、高尔夫礼仪、高尔夫球专用术语及定义、高尔夫球运动规则、18洞实战案例剖析、高尔夫球运动常见比赛形式及本土规则、模拟试题等内容。
●
相关链接 在E读中查询图书 在五车中查询图书 在当当中查询图书 在豆瓣中查询图书


正题名:高尔夫规则与礼仪     索取号:G849.3/469=2         预约/预借

序号 登录号 条形码 馆藏地/架位号 状态 备注
1 1115104   211151046   第一样本阅览室/ [索取号:G849.3/469=2] 在馆    
2 1115105   211151055   教育系资料室/ [索取号:G849.3/469=2] 在馆    
3 1115106   211151064   教育系资料室/ [索取号:G849.3/469=2] 在馆    
4 1115107   211151073   教育系资料室/ [索取号:G849.3/469=2] 在馆    
5 1115108   211151082   第四借阅区/ [索取号:G849.3/469=2] 在馆    
6 1115109   211151091   第四借阅区/ [索取号:G849.3/469=2] 在馆    
唐山师范学院图书馆 欢迎您!
大连网信软件有限公司© 版权所有